| 000 | 00400cam a2200181ua 4500 | ||
|---|---|---|---|
| 020 | _cRs.2.50 | ||
| 041 |
_ahin _h |
||
| 082 |
_a891.43 _bVIM/NA |
||
| 100 | _aPanday, Vimala . | ||
| 245 | _anaag nagar ki rajkumari | ||
| 250 |
_a2 / _b. |
||
| 260 |
_a : _bRajkamal Prakashan , _c1960. |
||
| 300 | _a180 ; . | ||
| 365 | _aRs.2.50 | ||
| 504 | _a | ||
| 942 | _cBK | ||
| 999 |
_c12151 _d12151 |
||